LEADER 01376nam a2200313 i 4500 001 000000355795 003 CaOOAMICUS 005 20231117105349.0 008 231018s19982003fr u000 u fre u 040 $aSeMil$bita 100 1 $aDerrida, Jacques,$d<1930-2004>.$0(OLS)http://semarc/name/3649 245 10$aPsyché :$binventions de l'autre /$cJacques Derrida. 250 $aNouvelle édition revue et augmentée 264 1$aParis :$bGalilée,$c1998-2003. 300 $a2 v. ;$c24 cm. 490 1 $aLa philosophie en effet 500 $aRaccolta di testi già pubblicati, 1979-2003 650 4$aNarcisismo.$0(OLS)http://semarc/subject/29844 650 4$aCreatività.$0(OLS)http://semarc/subject/10340 650 4$aAlterità.$0(OLS)http://semarc/subject/1116 650 4$aAnima.$0(OLS)http://semarc/subject/1117 650 4$aDecostruzione - Filosofia.$0(OLS)http://semarc/subject/1118 650 4$aDecostruzionismo.$0(OLS)http://semarc/subject/1119 774 0 $t[Vol. 1].$dParis : Galilée, 1998.$z2-7186-0502-2$w()355798 774 0 $tVol. 2.$dParis : Galilée, 2003.$z2-7186-0615-0$w()355799 830 3$aLa philosophie en effet.$0(OLS)http://semarc/title/446021 996 $6245$aPsyché :$binventions de l'autre$9(OLS)http://semarc/title/446020 996 $6264$aParis :$bGalilée$9(OLS)http://semarc/publisher/61336 LEADER 01555nam a2200313 i 4500 001 000000048750 003 CaOOAMICUS 005 20241227122848.0 008 140331s1996 gw m u000 u ger u 013 $a19920 020 $a3-525-53853-7 040 $aSeMil$bita 100 1 $aKollmann, Bernd.$0(OLS)http://semarc/name/24140 245 10$aJesus und die Christen als Wundertäter :$bStudien zu Magie, Medizin und Schamanismus in Antike und Christentum /$cBernd Kollmann. 260 $aGöttingen :$bVandenhoeck & Ruprecht,$c1996. 300 $a438 p. ;$c24 cm. 490 0 $aForschungen zur Religion und Literatur des Alten und Neuen Testaments ;$v170 502 $aTesto della tesi in teologia, Göttingen, 1995 650 4$aCristianesimo e magia.$0(OLS)http://semarc/subject/56903 650 4$aGesù Cristo - Miracoli.$0(OLS)http://semarc/subject/4630 650 4$aMedicina e esoterismo.$0(OLS)http://semarc/subject/56904 830 0$aForschungen zur Religion und Literatur des Alten und Neuen Testaments ;$v170.$0(OLS)http://semarc/title/298 850 $aSeMil 852 $aSeMil$W1$xVenegono$y1$m2XA S 170$j253653$B14905$CSeMilBibl$Z2$F14905 $81 961 $aAcquisto: Casa editrice 996 $6020$a3-525-53853-7$9(OLS)http://semarc/number/21968 996 $6245$aJesus und die Christen als Wundertäter :$bStudien zu Magie, Medizin und Schamanismus in Antike und Christentum$9(OLS)http://semarc/title/73812 996 $6260$aGöttingen :$bVandenhoeck & Ruprecht$9(OLS)http://semarc/publisher/29697